Missing Word: Reality TV III Quiz Stats

 Plays Quiz Updated May 19, 2016

Challenge
Share
Tweet
Embed
Score 0/20 Timer 03:00
0 Plays Today
Show Missing Word % Correct
Say ___ to the DressYes
91.7%
The Real Gilligan's ____Island
90.1%
Here Comes ____ Boo BooHoney
88.9%
The Real ____ of Orange CountyHousewives
85.1%
My Big Redneck ____Wedding
74.8%
Cake ____Boss
72%
The Simple ____Life
71.3%
Little People, Big ____World
70.6%
For Love or ____Money
66.1%
Newlyweds: Nick and ____Jessica
62.9%
Show Missing Word % Correct
Teen ____Mom
61.7%
Beauty and the ____Geek
50.9%
Ace of ____Cakes
48.8%
The Next ____ Network StarFood
46.4%
The Glee ____Project
42.2%
Bachelor ____Pad
41%
Last ____ StandingComic
38.9%
Nashville ____Star
35.2%
Paris Hilton's My New ___BFF
33.9%
Oprah's Big ____Give
15.9%

Today's Daily Dose

You're not logged in!

Compare scores with friends on all Sporcle quizzes.
Join for Free
OR
Log In

You Might Also Like...

Show Comments

Extras

Top Quizzes Today


Score Distribution

Your Account Isn't Verified!

In order to create a playlist on Sporcle, you need to verify the email address you used during registration. Go to your Sporcle Settings to finish the process.

Report this User

Report this user for behavior that violates our Community Guidelines.

Details: